| 000 | 00725nam a2200217 a 4500 | ||
|---|---|---|---|
| 001 | BRCA_1983 | ||
| 005 | 20190320203626.0 | ||
| 008 | 271206s1982----mx-#---###---#000-0#spa-d | ||
| 020 | _a9685803889 | ||
| 050 | 4 |
_aN6553 _b.B27 1982 |
|
| 100 | 1 |
_aBarberena Blásquez, Elsa _96082 |
|
| 245 | 1 | 0 |
_aÍndice de la revista Artes de México _b1a época, números 1-60, 1953-1965 _cElsa Barberena Blásquez. |
| 260 |
_aMéxico _bUNAM _c1982 |
||
| 300 |
_a301 p. _c23 cm. |
||
| 440 | 0 |
_aCuadernos de historia del arte _n22 _96083 |
|
| 500 | _aIncluye índice de ilustraciones e índice temático | ||
| 500 | _a2do. ejemplar en el Área de Investigación | ||
| 650 | 1 | 4 |
_aArte mexicano _vÍndice _96084 |
| 902 | _aREF | ||
| 942 |
_2lcc _cB |
||
| 999 |
_c1751 _d1751 |
||